Bahamas First Level Subdivisions - Statistics

General Stats
  • This quiz has been taken 428 times
  • The average score is 18 of 33
Answer Stats
Districts % Correct
Cat Island
76%
North Andros
72%
South Andros
72%
New Providence
70%
North Abaco
68%
East Grand Bahama
67%
West Grand Bahama
67%
Central Andros
66%
South Abaco
66%
Central Abaco
65%
City of Freeport
59%
Rum Cay
59%
Bimini
57%
Acklins
55%
Exuma
55%
Inagua
55%
North Eleuthera
55%
Berry Islands
54%
Long Island
54%
San Salvador
54%
South Eleuthera
53%
Spanish Wells
53%
Black Point
52%
Central Eleuthera
52%
Crooked Island
49%
Ragged Island
48%
Mangrove Cay
43%
Mayaguana
40%
Green Turtle Cay
39%
Harbour Island
39%
Moore's Island
39%
Grand Cay
38%
Hope Town
34%
No matching quizzes found
Score Distribution
Percent of People with Each Score
Percentile by Number Answered
Your Score History
You have not taken this quiz